Aktuelle Entwicklungen im Deutschen. Die Problematik der Sprachlichen Norm
Objasnenie rôznych teoretických úvah a empirické pozorovania týkajúce sa najnovšej problematiky noriem v nemčine. Dôležitosť dodržiavania jazykovej normy v oficiálnych komunikačných situáciách. Podstatnou myšlienkou je rozlišovať medzi formami a typmi nemeckého jazyka a ich správnej relizácie v závi...
Salvato in:
| Autore principale: | |
|---|---|
| Natura: | Capitolo di libro |
| Lingua: | tedesco |
| Soggetti: | |
| Tags: |
Nessun Tag, puoi essere il primo ad aggiungerne!!
|
MARC
| LEADER | 00000naa a2200000 4500 | ||
|---|---|---|---|
| 001 | 0272217 | ||
| 005 | 20240502074306.7 | ||
| 041 | 0 | |a ger | |
| 044 | |a SK | ||
| 245 | 1 | 0 | |a Aktuelle Entwicklungen im Deutschen. Die Problematik der Sprachlichen Norm |c Silvia Adamcová |
| 520 | |a Objasnenie rôznych teoretických úvah a empirické pozorovania týkajúce sa najnovšej problematiky noriem v nemčine. Dôležitosť dodržiavania jazykovej normy v oficiálnych komunikačných situáciách. Podstatnou myšlienkou je rozlišovať medzi formami a typmi nemeckého jazyka a ich správnej relizácie v závislosti od prostredia a príslušnej komunikačnej situácie. | ||
| 610 | 2 | 0 | |a nemčina |
| 610 | 2 | 0 | |a komunikácia |
| 610 | 2 | 0 | |a normy |
| 610 | 2 | 0 | |a jazykoveda |
| 100 | 1 | |a Adamcová, Silvia, 1984- | |